Urban ecology: An introduction (Record no. 1308525)

MARC details
000 -LEADER
fixed length control field 00977nam a2200241 4500
005 - DATE AND TIME OF LATEST TRANSACTION
control field 20250411170025.0
008 - FIXED-LENGTH DATA ELEMENTS--GENERAL INFORMATION
fixed length control field 250408b |||||||| |||| 00| 0 eng d
020 ## - INTERNATIONAL STANDARD BOOK NUMBER
International Standard Book Number 9781032281001
037 ## - SOURCE OF ACQUISITION
Terms of availability Textual
040 ## - CATALOGING SOURCE
Transcribing agency RTL
084 ## - COLON CLASSIFICATION NUMBER
Classification number U43:(G:5) R4
Assigning agency RTL
100 ## - MAIN ENTRY--PERSONAL NAME
Personal name James, Philip
245 ## - TITLE STATEMENT
Title Urban ecology: An introduction
250 ## - EDITION STATEMENT
Edition statement 2nd
260 ## - PUBLICATION, DISTRIBUTION, ETC.
Place of publication, distribution, etc. London
Name of publisher, distributor, etc. Routledge
Date of publication, distribution, etc. 2024
300 ## - PHYSICAL DESCRIPTION
Extent xl, 529 p. : ill.
Other physical details Includes bibliographical references, index & glossary
520 ## - SUMMARY, ETC.
Summary, etc. This fully revised second edition reflects the great expansion in urban ecology research, action, and teaching since 2015. Urban ecology provides an understanding of urban ecosystems and uses nature-based techniques to enhance habitats and alleviate poor environmental conditions.
650 ## - SUBJECT ADDED ENTRY--TOPICAL TERM
Topical term or geographic name entry element Urban ecology
9 (RLIN) 583539
650 ## - SUBJECT ADDED ENTRY--TOPICAL TERM
Topical term or geographic name entry element City planning
650 ## - SUBJECT ADDED ENTRY--TOPICAL TERM
Topical term or geographic name entry element Sustainable development
9 (RLIN) 438223
700 ## - ADDED ENTRY--PERSONAL NAME
Personal name Douglas, Ian
9 (RLIN) 277383
942 ## - ADDED ENTRY ELEMENTS (KOHA)
Source of classification or shelving scheme Colon Classification (CC)
Suppress in OPAC No
Koha item type Textbook
Classification part U43: (G:5) R4
Holdings
Withdrawn status Lost status Source of classification or shelving scheme Damaged status Not for loan Home library Current library Date acquired Total Checkouts Full call number Barcode Date last seen Price effective from Koha item type
    Colon Classification (CC)     Ratan Tata Library Ratan Tata Library 2025-04-08   U43:(G:5) R4 RT1528295 2025-04-08 2025-04-08 Textbook
Copyright @ Delhi University Library System